Contracting for design and construction services in the public sector (Record no. 28609)

MARC details
000 -LEADER
fixed length control field 00620nam a2200181Ia 4500
020 ## - INTERNATIONAL STANDARD BOOK NUMBER
ISBN 9781032233765
050 ## - CALL MARK
Classification number HC 79 .C3 .A35/
100 ## - STATEMENT OF RESPONSIBILITY--MAIN AUTHOR NAME
Personal name Adler, John O.
245 #0 - TITLE STATEMENT
Title Contracting for design and construction services in the public sector
260 ## - PUBLICATION, DISTRIBUTION, ETC. (IMPRINT)
Place of publication New York
260 ## - PUBLICATION, DISTRIBUTION, ETC. (IMPRINT)
Name of publisher Routledge
260 ## - PUBLICATION, DISTRIBUTION, ETC. (IMPRINT)
Year of publication 2024
300 ## - PHYSICAL DESCRIPTION
Number of Pages xiv, 288p.: ill.
650 ## - SUBJECT ADDED ENTRY--TOPICAL TERM
Topical Term Public works--United States--Planning. Government purchasing--United States. Construction projects--United States--Planning. Construction industry--United States.
942 ## - ADDED ENTRY ELEMENTS (KOHA)
Koha item type Books
Holdings
Withdrawn status Lost status Source of classification or shelving scheme Damaged status Not for loan Permanent Location Current Location Shelving location Date acquired Accession Number Price effective from Koha item type
    Library of Congress Classification     NILE UNIVERSITY OF NIGERIA - MAIN LIBRARY NILE UNIVERSITY OF NIGERIA - MAIN LIBRARY Items on shelf 04/23/2025 0198429 04/23/2025 Books